00444 a2200157 4500010001400000020001100014035001300025037001600038082000800054100001800062245008900080260004100169300002800210500001900238505002900257 aENG-88849 c180.00 aEN-72382 bDBAD / PUB14a5461 aJoshi, Deepak1 aDisha's inorganic __ chemistry :cby Deepak Joshibbased on new pattern of IIT-JEE / aNew DelhibDisha Publicationsc2007 a192+44p. :c28cm ( pbk) aRecd. V.1 only av.1-Qualitative analysis